عرض عادي
عرض مارك
- التأهيل الطبي
مدخل مصطلح موضوعي
001 - رقم الضبط
- حقل الضبط: 109133
003 - معرف رقم الضبط
- حقل الضبط: OSt
005 - تاريخ ووقت أخر عملية
- حقل الضبط: 20221030110638.0
008 - عناصر بيانات ثابتة الطول
- حقل تحكم ثابت الطول: 221030|| aca||aabn | a|a d
040 ## - مصدر الفهرسة
- هيئة الفهرسة الأصلية: OSt
- وكالة الكتابة: OSt
150 ## - مدخل-- مصطلح تاريخي
- عنصر مدخل المصطلح الموضوعي او الاسم الجغرافي: التأهيل الطبي
670 ## - بيانات المصدر موجوده
- الاستشهاد بالمصدر: Work cat.: (OSt): القحطاني، عبد العزيز سعيد 109131, التحقق من صحة وتكيف النسخة العربية من مقياس تصنيف الإعاقة لدى مرضى الإصابات الدماغية الرضحية =, 2021
